Statistics for Name that Marvel Character

Click here to take the quiz!

General Stats

  • This quiz has been taken 3,348 times
  • The average score is 9 of 13

Answer Stats

HintAnswer% Correct
Tony StarkIron Man
100%
Peter ParkerSpiderman
99%
Steve RogersCaptain America
98%
Thor OdinsonThor
98%
Charles XavierProfessor X
81%
Henry PymAnt Man
75%
Scott SummersCyclops
75%
Matthew MurdockDaredevil
70%
Bobby FrostIceman
70%
Benn GrimmThe Thing
65%
James HowlettWolverine
64%
Jennifer WaltersShe Hulk
31%
Lord Falsworth MontgomeryUnion Jack
17%

Score Distribution

Percentile by Number Answered

Percent of People with Each Score

Your Score History

You have not taken this quiz